| 000 | 004330000a22001570004500 | ||
|---|---|---|---|
| 020 | _a84-8280-167-8 | ||
| 041 | 0 | _aSPA | |
| 082 | 0 | 4 | _aG 861.3 D3312p |
| 100 | 1 | _aJuan de la Cruz, San (1542-1591) | |
| 245 | 1 | 0 | _aPoesías completas / San Juan de la Cruz ; Cristóbal Cuevas, Editor |
| 260 | _aBogotá : Oveja Negra | ||
| 300 | _a183 Pag | ||
| 440 | 0 | _aColección Historia Universal de la Literatura | |
| 001 | 13249 | ||
| 942 | _cBK | ||
| 999 |
_c42236 _d42236 |
||